000 01638nam0a2200373 4500
001 RU\NLR\bibl\250920
005 20260406071139.0
010 _a5-7899-0155-7
_9150
021 _aRU
_b2001-43553
_92080
035 _a(NLR Aleph) 000246728
090 _a1438905
_c1438905
100 _a20020305d2001 |||y0rusy50 ca
101 0 _arus
102 _aRU
105 _ay |||||||||
200 1 _aПравовое регулирование охраны труда
_eЛекция
_fС. Б. Цветков
_gМ-во внутр. дел Рос. Федерации, Волгогр. акад.
210 _aВолгоград
_cВА МВД России
_d2001
215 _a31, [1] с.
_d20
606 0 _aОхрана труда
_jРуководства, пособия и т.п.
_xПравовое регулирование
_yРоссийская Федерация
_92083725
_3RU\NLR\auth\661259795
606 0 _aОхрана труда
_jУчебные издания
_xПравовое регулирование
_yРоссийская Федерация
_92083725
_3RU\NLR\auth\661259795
610 0 _aОхрана труда - Правовое регулирование
675 _a349.2(042.3)
_v3
_zrus
686 _a10.63
_2rugasnti
686 _a67.405я73
_2rubbk
686 _aХ627.4я7
700 1 _4070
_8rus
_7ca
_aЦветков
_bС. Б.
_cканд. юрид. наук
_gСергей Борисович
_3RU\NLR\AUTH\7716274
_9125914
801 0 _aRU
_bRKP
_c20020305
_gPSBO
801 1 _aRU
_bRKP
_c20020305
801 2 _aRU
_bNLR
_c20060901
_grcr
942 _cBOOK
980 _aNB
980 _aNBR